000 00959cab a2200265 4500
001 ABS60260
008 090401t1999 xxu||||| |||| 00| 0 eng d
035 _a(Sirsi) u92233
041 _aeng
100 _aFurst, S.
245 _aWhat Morrison means
260 _c1999
350 _a0
490 _aBuilding
_v264(8078) 12 March 1999, 70-71(2)
650 _aMANAGEMENT-DISPUTE AVOIDANCE, MANAGEMENT AND RESOLUTION-DISPUTE MANAGEMENT AND RESOLUTION-ALTERNATIVE DISPUTE RESOLUTION-ADJUDICATION
650 _aARBITRATION ACT 1996
650 _aDISPUTE RESOLUTION
_96236
650 _aHOUSING GRANTS CONSTRUCTION AND REGENERATION ACT 1996
650 _aMACOB CIVIL ENGINEERING LTD V MORRISON CONSTRUCTION LTD
650 _aPAYMENT PROVISIONS
650 _aSCHEME FOR CONSTRUCTION CONTRACTS
690 _aMANAGEMENT-DISPUTE AVOIDANCE, MANAGEMENT AND RESOLUTION-DISPUTE MANAGEMENT AND RESOLUTION-ARBITRATION
942 _n0
948 _c19/03/1999
999 _c58481
_d58481